000 00497nmm a2200169Ia 4500
008 251105s9999||||xx |||||||||||||||||und||
020 _a9789681651091
041 _aspa
100 _aGuerrero, Gustavo
245 0 _aTeorías de la lírica
264 _a[México D.C., Mexico] :
_bFondo de Cultura Económica,
_c1998
300 _a223 páginas
490 _aLengua y Estudios Literarios
650 _aPoetry, General
856 _uhttps://public.digitaliapublishing.com/a/65072
942 _cCF
999 _c96827
_d96827